Statistiques concernant Personnages historiques par lettre - F

Cliquez ici pour prendre le quiz!

Statistiques générales

  • Ce quiz a été pris 315 fois
  • Le résultat moyen est 9 sur 15

Statistiques - réponses

INDICERÉPONSE% Correct
Industriel automobile et concepteur du travail à la chaîne (1863-1947)Henry Ford
92%
Père de la psychanalyse (1856-1939)Sigmund Freud
92%
Archiduc d'Autriche assassiné à Sarajevo (1863-1914)François-Ferdinand
88%
Roi de France fondateur du Havre (1494-1547)François Ier
88%
Son journal fut édité dans plus de 70 langues (1929-1945)Anne Frank
83%
Physicien, inventeur d'une échelle de température (1686-1736)Gabriel Fahrenheit
77%
Écrivain normand créateur d'Emma Bovary (1821-1880)Gustave Flaubert
75%
Politicien de la IIIe République qui a instauré l'école obligatoire, gratuite et laïque (1832-1893)Jules Ferry
74%
L'un des pères fondateurs des États-Unis (1706-1790)Benjamin Franklin
45%
Romancier à l'origine de James Bond (1908-1964)Ian Fleming
42%
Surintendant des Finances rival de Colbert, emprisonné par Louis XIV (1615-1680)Nicolas Fouquet
35%
Roi de Prusse ami de Voltaire, "despote éclairé" (1712-1786)Frédéric II de Prusse
27%
"Il voulait être César, il ne fut que Pompée" (1841-1899)Félix Faure
25%
Ministre de la Police de Napoléon Ier (1759-1820)Joseph Fouché
20%
Figure anglaise qui a planifié la Conspiration des poudres (1570-1606)Guy Fawkes
11%

Distribution des résultats

Percentile par nombre de réponses

% des personnes avec chaque résultat

Votre développement - résultats

Vous n’avez pas pris ce quiz